<?xml version="1.0" encoding="UTF-8"?>
<record
    xmlns:xsi="http://www.w3.org/2001/XMLSchema-instance"
    xsi:schemaLocation="http://www.loc.gov/MARC21/slim http://www.loc.gov/standards/marcxml/schema/MARC21slim.xsd"
    xmlns="http://www.loc.gov/MARC21/slim">

  <leader>00464    a2200169   4500</leader>
  <datafield tag="999" ind1=" " ind2=" ">
    <subfield code="c">276</subfield>
    <subfield code="d">276</subfield>
  </datafield>
  <controlfield tag="008">221214b           ||||| |||| 00| 0 eng d</controlfield>
  <datafield tag="020" ind1=" " ind2=" ">
    <subfield code="a">9789386070111</subfield>
  </datafield>
  <datafield tag="082" ind1="0" ind2="0">
    <subfield code="a">629.8</subfield>
    <subfield code="b">N152</subfield>
  </datafield>
  <datafield tag="100" ind1=" " ind2=" ">
    <subfield code="a">Nagrath, I. J.</subfield>
  </datafield>
  <datafield tag="245" ind1=" " ind2=" ">
    <subfield code="a">Control system engineering /</subfield>
  </datafield>
  <datafield tag="250" ind1=" " ind2=" ">
    <subfield code="a">6th ed.</subfield>
  </datafield>
  <datafield tag="260" ind1=" " ind2=" ">
    <subfield code="a">New Delhi:</subfield>
    <subfield code="b">New Age International,</subfield>
    <subfield code="c">2017.</subfield>
  </datafield>
  <datafield tag="300" ind1=" " ind2=" ">
    <subfield code="a">xiii, 901 p.</subfield>
  </datafield>
  <datafield tag="650" ind1=" " ind2="0">
    <subfield code="a">Control Theory</subfield>
  </datafield>
  <datafield tag="700" ind1=" " ind2=" ">
    <subfield code="9">2260</subfield>
    <subfield code="a">Gopal, M.</subfield>
  </datafield>
  <datafield tag="942" ind1=" " ind2=" ">
    <subfield code="2">ddc</subfield>
    <subfield code="c">BK</subfield>
  </datafield>
  <datafield tag="952" ind1=" " ind2=" ">
    <subfield code="0">0</subfield>
    <subfield code="1">0</subfield>
    <subfield code="2">ddc</subfield>
    <subfield code="4">0</subfield>
    <subfield code="6">629_800000000000000_R1962</subfield>
    <subfield code="7">0</subfield>
    <subfield code="9">1162</subfield>
    <subfield code="a">CL</subfield>
    <subfield code="b">CL</subfield>
    <subfield code="d">2017-03-21</subfield>
    <subfield code="e">Sterling Book House</subfield>
    <subfield code="g">479.20</subfield>
    <subfield code="l">1</subfield>
    <subfield code="o">629.8 R1962</subfield>
    <subfield code="p">12135</subfield>
    <subfield code="r">2024-11-22</subfield>
    <subfield code="s">2023-11-21</subfield>
    <subfield code="v">599.00</subfield>
    <subfield code="y">BK</subfield>
  </datafield>
  <datafield tag="952" ind1=" " ind2=" ">
    <subfield code="0">0</subfield>
    <subfield code="1">0</subfield>
    <subfield code="2">ddc</subfield>
    <subfield code="4">0</subfield>
    <subfield code="6">629_800000000000000_R1962</subfield>
    <subfield code="7">0</subfield>
    <subfield code="9">1163</subfield>
    <subfield code="a">CL</subfield>
    <subfield code="b">CL</subfield>
    <subfield code="d">2017-03-21</subfield>
    <subfield code="e">Sterling Book House</subfield>
    <subfield code="g">479.20</subfield>
    <subfield code="o">629.8 R1962</subfield>
    <subfield code="p">12136</subfield>
    <subfield code="r">2019-09-26</subfield>
    <subfield code="v">599.00</subfield>
    <subfield code="y">BK</subfield>
  </datafield>
  <datafield tag="952" ind1=" " ind2=" ">
    <subfield code="0">0</subfield>
    <subfield code="1">0</subfield>
    <subfield code="2">ddc</subfield>
    <subfield code="4">0</subfield>
    <subfield code="6">629_800000000000000_R1962</subfield>
    <subfield code="7">0</subfield>
    <subfield code="9">1164</subfield>
    <subfield code="a">CL</subfield>
    <subfield code="b">CL</subfield>
    <subfield code="d">2017-03-21</subfield>
    <subfield code="e">Sterling Book House</subfield>
    <subfield code="g">479.20</subfield>
    <subfield code="l">2</subfield>
    <subfield code="m">2</subfield>
    <subfield code="o">629.8 R1962</subfield>
    <subfield code="p">12137</subfield>
    <subfield code="r">2023-11-24</subfield>
    <subfield code="s">2023-11-24</subfield>
    <subfield code="v">599.00</subfield>
    <subfield code="y">BK</subfield>
  </datafield>
  <datafield tag="952" ind1=" " ind2=" ">
    <subfield code="0">0</subfield>
    <subfield code="1">0</subfield>
    <subfield code="2">ddc</subfield>
    <subfield code="4">0</subfield>
    <subfield code="6">629_800000000000000_R1962</subfield>
    <subfield code="7">0</subfield>
    <subfield code="9">1165</subfield>
    <subfield code="a">CL</subfield>
    <subfield code="b">CL</subfield>
    <subfield code="d">2017-03-21</subfield>
    <subfield code="e">Sterling Book House</subfield>
    <subfield code="g">479.20</subfield>
    <subfield code="l">4</subfield>
    <subfield code="o">629.8 R1962</subfield>
    <subfield code="p">12138</subfield>
    <subfield code="r">2023-12-08</subfield>
    <subfield code="s">2023-11-23</subfield>
    <subfield code="v">599.00</subfield>
    <subfield code="y">BK</subfield>
  </datafield>
  <datafield tag="952" ind1=" " ind2=" ">
    <subfield code="0">0</subfield>
    <subfield code="1">0</subfield>
    <subfield code="2">ddc</subfield>
    <subfield code="4">0</subfield>
    <subfield code="6">629_800000000000000_R1962</subfield>
    <subfield code="7">0</subfield>
    <subfield code="9">5066</subfield>
    <subfield code="a">CL</subfield>
    <subfield code="b">CL</subfield>
    <subfield code="d">2000-08-09</subfield>
    <subfield code="e">Jyoti, the Book People</subfield>
    <subfield code="o">629.8 R1962</subfield>
    <subfield code="p">09252</subfield>
    <subfield code="r">2020-02-07</subfield>
    <subfield code="v">225.00</subfield>
    <subfield code="y">BK</subfield>
  </datafield>
</record>
